| 000 | 00497nam a2200157 4500 | ||
|---|---|---|---|
| 003 | OSt | ||
| 005 | 20221111160828.0 | ||
| 008 | 221111b |||||||| |||| 00| 0 eng d | ||
| 040 | _cBiblioteca Lado V | ||
| 082 |
_a750 _bB919w |
||
| 100 |
_aBucher, Annemarie _9389 _eautor |
||
| 245 |
_aWhy Make Prints/ _bPrintmaking in Switzerland since 1960: Artist, Printers, Publishers/ |
||
| 260 |
_aSuezia _bPRO HELVETIA _c1998 |
||
| 300 |
_a142p. _c17x24cm |
||
| 942 |
_2ddc _c1 _h750 _iB919w |
||
| 999 |
_c2596 _d2596 |
||